000 01170nam a2200253Ia 4500
003 OSt
005 20220930204416.0
006 a|||||r|||| 00| 0
007 ta
008 220926b |||||||| |||| 00| 0 hin d
024 _a35800
037 _cDissertations
040 _aCRL
_cCRL
_bhin
041 _2hin
_ahin
100 _aविकास कुमार, ले.
110 _aदिल्ली विश्वविद्यालय. कला संकाय. हिन्दी विभाग
245 0 _aकस्बाई जीवन के सन्दर्भ में ज्ञानरंजन की कहानियाँ (सपना नहीं के विशेष सन्दर्भ में)।
246 _aKasbāī jīvan ke sandarbha mean jnyānaranjan kī kahāniyāँ ;sapanā nahīan ke visheṣh sandarbha meanddha।
260 _c2017
300 _a94पृ.
_ccm.
700 _aदिल्ली विश्वविद्यालय. कला संकाय. हिन्दी विभाग
942 _cDIS
_2CC
999 _c905977
_d905977